000
00281nmm a2200085Ia 4500
008
220120s9999||||xx |||||||||||||||||und||
100
_a
DIGIT JAN 2010
_9
11187
245
0
_a
50 + Mobile applications , JAVA , Symbian, Blackberry and wi
260
_a
Cyber tach publication
_b
New Delhi
_c
2010
999
_c
139454
_d
139454